[Event "WCO2014"]
[Site "Tromso"]
[Date "2014.08.09"]
[Round "7.25"]
[WhiteID "5201268"]
[White "Sadorra Julio Catalino"]
[BlackID "200018"]
[Black "Winants Luc"]
[Result "1/2-1/2"]
[LiveChessVersion "1.4.3"]
[BlackElo "2545"]
[WhiteElo "2590"]

1. d4 {[%clk 1:30:51]} Nf6 {[%clk 1:30:53]} 2. c4 {[%clk 1:31:12]} e6
{[%clk 1:31:17]} 3. Nc3 {[%clk 1:31:32]} Bb4 {[%clk 1:31:40]} 4. e3
{[%clk 1:31:50]} O-O {[%clk 1:27:57]} 5. Nge2 {[%clk 1:30:05]} d5
{[%clk 1:28:09]} 6. a3 {[%clk 1:30:19]} Be7 {[%clk 1:28:14]} 7. cxd5
{[%clk 1:30:37]} exd5 {[%clk 1:28:24]} 8. Nf4 {[%clk 1:30:57]} a5
{[%clk 1:26:09]} 9. Bd3 {[%clk 1:31:15]} c6 {[%clk 1:23:52]} 10. O-O
{[%clk 1:31:35]} Na6 {[%clk 1:23:37]} 11. Qb3 {[%clk 1:30:45]} Bd6
{[%clk 1:21:36]} 12. Bd2 {[%clk 1:26:47]} Re8 {[%clk 1:20:08]} 13. f3
{[%clk 1:26:51]} b6 {[%clk 1:10:58]} 14. Kh1 {[%clk 1:19:58]} Bxf4
{[%clk 0:54:22]} 15. exf4 {[%clk 1:17:59]} c5 {[%clk 0:54:36]} 16. Bb5
{[%clk 1:12:06]} Bd7 {[%clk 0:43:09]} 17. Bxa6 {[%clk 0:56:35]} Rxa6
{[%clk 0:43:32]} 18. Rfe1 {[%clk 0:53:39]} a4 {[%clk 0:38:48]} 19. Qc2
{[%clk 0:52:41]} Ra8 {[%clk 0:38:00]} 20. Re5 {[%clk 0:50:29]} cxd4
{[%clk 0:28:27]} 21. Ne2 {[%clk 0:49:27]} Qb8 {[%clk 0:28:36]} 22. Rxe8+
{[%clk 0:49:09]} Qxe8 {[%clk 0:27:22]} 23. Nxd4 {[%clk 0:49:36]} Qc8
{[%clk 0:27:39]} 24. Bc3 {[%clk 0:49:09]} Qc4 {[%clk 0:28:01]} 25. Rd1
{[%clk 0:46:58]} Re8 {[%clk 0:27:30]} 26. Qf2 {[%clk 0:45:40]} Qc7
{[%clk 0:27:05]} 27. Qg3 {[%clk 0:42:12]} Qd6 {[%clk 0:25:05]} 28. Qh4
{[%clk 0:33:13]} h6 {[%clk 0:24:47]} 29. Nc2 {[%clk 0:32:44]} Nh7
{[%clk 0:16:54]} 30. Qg3 {[%clk 0:27:43]} f6 {[%clk 0:16:32]} 31. Nb4
{[%clk 0:27:36]} Be6 {[%clk 0:16:04]} 32. Bd4 {[%clk 0:24:19]} Bf7
{[%clk 0:15:37]} 33. Rc1 {[%clk 0:22:18]} b5 {[%clk 0:14:03]} 34. h3
{[%clk 0:18:33]} Qd7 {[%clk 0:14:00]} 35. Kh2 {[%clk 0:17:29]} Rc8
{[%clk 0:11:25]} 36. Rd1 {[%clk 0:17:56]} Qf5 {[%clk 0:11:16]} 37. Bc3
{[%clk 0:17:24]} Nf8 {[%clk 0:10:52]} 38. Qg4 {[%clk 0:13:50]} Qxg4
{[%clk 0:11:12]} 39. fxg4 {[%clk 0:13:58]} Rc5 {[%clk 0:09:13]} 40. f5
{[%clk 0:13:30]} Nd7 {[%clk 0:09:03]} 41. Re1 {[%clk 0:12:22]} Rc4
{[%clk 0:08:44]} 42. Re7 {[%clk 0:09:14]} d4 {[%clk 0:08:57]} 43. Bd2
{[%clk 0:02:20]} Ne5 {[%clk 0:05:28]} 44. Rb7 Rc8 {[%clk 0:32:06]} 45. Bf4
{[%clk 0:25:19]} Rd8 {[%clk 0:28:05]} 46. Bxe5 {[%clk 0:12:36]} fxe5
{[%clk 0:28:27]} 47. Nc6 {[%clk 0:13:04]} Bd5 {[%clk 0:28:03]} 48. Ne7+
{[%clk 0:13:31]} Kh7 {[%clk 0:28:09]} 49. Nxd5 {[%clk 0:13:08]} Rxd5
{[%clk 0:28:07]} 50. f6 {[%clk 0:13:37]} Kg6 {[%clk 0:04:26]} 51. f7
{[%clk 0:13:45]} Rd8 {[%clk 0:04:49]} 52. Re7 {[%clk 0:12:45]} Rf8
{[%clk 0:04:59]} 53. Rxe5 {[%clk 0:12:55]} Rxf7 {[%clk 0:05:14]} 54. Kg3
{[%clk 0:11:00]} Rb7 {[%clk 0:03:16]} 55. Kf4 {[%clk 0:09:57]} b4
{[%clk 0:03:27]} 56. Re6+ {[%clk 0:09:20]} Kh7 {[%clk 0:03:48]} 57. Ra6
{[%clk 0:09:46]} d3 {[%clk 0:02:51]} 58. Ke3 {[%clk 0:09:51]} bxa3
{[%clk 0:03:09]} 59. bxa3 {[%clk 0:10:18]} Rb2 {[%clk 0:03:31]} 60. Rd6
{[%clk 0:04:21]} Rxg2 {[%clk 0:03:51]} 61. Rxd3 {[%clk 0:04:49]} Kg6
{[%clk 0:03:12]} 62. Kd4 {[%clk 0:05:14]} Rb2 {[%clk 0:03:10]} 63. Kc4
{[%clk 0:04:49]} h5 {[%clk 0:02:20]} 64. Rd6+ {[%clk 0:04:56]} Kh7
{[%clk 0:02:38]} 65. gxh5 {[%clk 0:02:43]} Rb3 {[%clk 0:03:02]} 66. Rd3
{[%clk 0:02:54]} Rxd3 {[%clk 0:03:04]} 67. Kxd3 {[%clk 0:03:21]} Kh6
{[%clk 0:03:30]} 68. Kc4 {[%clk 0:03:30]} Kxh5 {[%clk 0:03:58]} 69. Kb4
{[%clk 0:03:56]} Kh4 {[%clk 0:04:23]} 70. Kxa4 {[%clk 0:04:21]} Kxh3
{[%clk 0:04:50]} 71. Kb5 {[%clk 0:04:41]} g5 {[%clk 0:05:18]} 72. a4
{[%clk 0:05:08]} g4 {[%clk 0:05:36]} 73. a5 {[%clk 0:05:37]} g3 {[%clk 0:06:01]}
74. a6 {[%clk 0:06:06]} g2 {[%clk 0:06:23]} 75. a7 {[%clk 0:06:34]} g1=Q
{[%clk 0:06:40]} 76. a8=Q {[%clk 0:07:00]} Qb1+ {[%clk 0:07:03]} 77. Kc5
{[%clk 0:07:26]} 1/2-1/2

[Event "WCO2014"]
[Site "Tromso"]
[Date "2014.08.09"]
[Round "7.26"]
[WhiteID "202967"]
[White "Michiels Bart"]
[BlackID "5201381"]
[Black "Gomez John Paul"]
[Result "1/2-1/2"]
[LiveChessVersion "1.4.3"]
[BlackElo "2526"]
[WhiteElo "2535"]

1. d4 {[%clk 1:30:55]} Nf6 {[%clk 1:30:52]} 2. c4 {[%clk 1:31:20]} e6
{[%clk 1:31:19]} 3. Nc3 {[%clk 1:31:44]} Bb4 {[%clk 1:31:45]} 4. Qc2
{[%clk 1:32:05]} O-O {[%clk 1:32:05]} 5. a3 {[%clk 1:32:29]} Bxc3+
{[%clk 1:32:30]} 6. Qxc3 {[%clk 1:32:51]} d5 {[%clk 1:32:55]} 7. Nf3
{[%clk 1:32:48]} dxc4 {[%clk 1:33:13]} 8. Qxc4 {[%clk 1:32:55]} b6
{[%clk 1:33:38]} 9. Bg5 {[%clk 1:33:14]} Bb7 {[%clk 1:33:59]} 10. Rd1
{[%clk 1:31:33]} Nbd7 {[%clk 1:33:47]} 11. Ne5 {[%clk 1:30:50]} Qc8
{[%clk 1:32:27]} 12. Nc6 {[%clk 1:29:54]} Re8 {[%clk 1:27:30]} 13. e3
{[%clk 1:28:48]} e5 {[%clk 1:14:31]} 14. Bxf6 {[%clk 1:18:57]} gxf6
{[%clk 1:14:47]} 15. Be2 {[%clk 1:14:09]} exd4 {[%clk 1:09:13]} 16. Bg4
{[%clk 1:02:13]} Re4 {[%clk 1:08:20]} 17. Rxd4 {[%clk 0:27:03]} Rxd4
{[%clk 1:04:05]} 18. Nxd4 {[%clk 0:27:06]} Qd8 {[%clk 1:03:22]} 19. Nc6
{[%clk 0:13:37]} Bxc6 {[%clk 0:59:54]} 20. Qxc6 {[%clk 0:14:05]} Ne5
{[%clk 0:59:30]} 21. Qe4 {[%clk 0:14:16]} Nxg4 {[%clk 0:59:14]} 22. Qxg4+
{[%clk 0:14:42]} Kh8 {[%clk 0:59:26]} 23. Qf3 {[%clk 0:12:33]} Rb8
{[%clk 0:55:55]} 24. Ke2 {[%clk 0:11:36]} Qe7 {[%clk 0:55:42]} 25. Rd1
{[%clk 0:11:47]} Rd8 {[%clk 0:55:13]} 26. Rxd8+ {[%clk 0:10:43]} Qxd8
{[%clk 0:55:38]} 27. Qc6 {[%clk 0:09:42]} a5 {[%clk 0:55:41]} 28. g4
{[%clk 0:07:24]} Kg7 {[%clk 0:55:10]} 29. h3 {[%clk 0:07:14]} h6 {[%clk 0:53:35]}
30. f4 {[%clk 0:06:28]} Qc8 {[%clk 0:53:18]} 31. Kd2 {[%clk 0:05:44]} Qd8+
{[%clk 0:52:55]} 32. Ke2 {[%clk 0:06:10]} Qc8 {[%clk 0:53:15]} 33. Kd2
{[%clk 0:05:22]} Qd8+ {[%clk 0:52:35]} 34. Kc2 {[%clk 0:05:43]} Qe7
{[%clk 0:52:01]} 35. e4 {[%clk 0:04:53]} Qd8 {[%clk 0:50:43]} 36. Qc3
{[%clk 0:02:29]} Qd6 {[%clk 0:46:48]} 37. e5 {[%clk 0:02:33]} fxe5
{[%clk 0:47:01]} 38. fxe5 {[%clk 0:02:19]} Qe7 {[%clk 0:42:42]} 39. e6+
{[%clk 0:02:14]} Kg8 {[%clk 0:42:33]} 40. exf7+ {[%clk 0:02:25]} Kxf7
{[%clk 0:42:23]} 41. Qc4+ {[%clk 0:28:06]} Kg6 {[%clk 1:11:23]} 42. Qd3+
{[%clk 0:24:19]} Kg5 {[%clk 1:02:13]} 43. Qf5+ {[%clk 0:23:17]} Kh4
{[%clk 1:02:37]} 44. Qh5+ {[%clk 0:23:39]} Kg3 {[%clk 1:03:05]} 45. Qxh6
{[%clk 0:23:44]} Qe4+ {[%clk 1:03:28]} 46. Kd1 {[%clk 0:17:41]} Qh1+
{[%clk 1:02:13]} 47. Kd2 {[%clk 0:17:26]} Qd5+ {[%clk 1:02:36]} 48. Kc1
{[%clk 0:14:33]} Qh1+ {[%clk 1:02:27]} 49. Kc2 {[%clk 0:11:39]} Qe4+
{[%clk 1:02:48]} 50. Kc3 {[%clk 0:11:35]} Qe5+ {[%clk 1:03:16]} 51. Kb3
{[%clk 0:10:48]} Qd5+ {[%clk 1:03:34]} 52. Kc3 {[%clk 0:08:28]} Qc5+
{[%clk 1:03:48]} 53. Kd3 {[%clk 0:08:19]} Qd5+ {[%clk 1:04:14]} 54. Kc2
{[%clk 0:08:06]} Qe4+ {[%clk 1:04:39]} 55. Kd2 {[%clk 0:08:10]} Qd5+
{[%clk 1:05:03]} 56. Kc1 {[%clk 0:07:50]} Qh1+ {[%clk 1:05:28]} 57. Kc2
{[%clk 0:08:10]} 1/2-1/2

[Event "WCO2014"]
[Site "Tromso"]
[Date "2014.08.09"]
[Round "7.27"]
[WhiteID "5200016"]
[White "Torre Eugenio"]
[BlackID "208027"]
[Black "Ringoir Tanguy"]
[Result "1/2-1/2"]
[LiveChessVersion "1.4.3"]
[BlackElo "2508"]
[WhiteElo "2438"]

1. d4 {[%clk 1:30:52]} d5 {[%clk 1:30:54]} 2. Bf4 {[%clk 1:29:04]} Nf6
{[%clk 1:31:13]} 3. e3 {[%clk 1:28:58]} e6 {[%clk 1:31:25]} 4. Nf3
{[%clk 1:28:19]} c5 {[%clk 1:31:42]} 5. c3 {[%clk 1:26:09]} Nc6 {[%clk 1:32:02]}
6. Nbd2 {[%clk 1:26:27]} Bd6 {[%clk 1:32:20]} 7. Bg3 {[%clk 1:25:00]} O-O
{[%clk 1:32:31]} 8. Bd3 {[%clk 1:25:21]} b6 {[%clk 1:32:48]} 9. Qe2
{[%clk 1:18:56]} Bb7 {[%clk 1:26:26]} 10. dxc5 {[%clk 1:17:01]} bxc5
{[%clk 1:23:28]} 11. e4 {[%clk 1:15:23]} Nh5 {[%clk 1:18:33]} 12. e5
{[%clk 1:00:08]} Be7 {[%clk 1:15:03]} 13. O-O {[%clk 0:56:11]} Nxg3
{[%clk 1:07:35]} 14. hxg3 {[%clk 0:52:47]} c4 {[%clk 1:01:22]} 15. Bc2
{[%clk 0:53:03]} Qb6 {[%clk 1:01:30]} 16. Rab1 {[%clk 0:49:49]} Rfc8
{[%clk 0:59:37]} 17. Rfe1 {[%clk 0:47:43]} g6 {[%clk 0:56:15]} 18. Nh2
{[%clk 0:41:38]} h5 {[%clk 0:49:30]} 19. Ndf3 {[%clk 0:36:20]} Kg7
{[%clk 0:43:43]} 20. Qd2 {[%clk 0:35:26]} Qd8 {[%clk 0:44:11]} 21. Qf4
{[%clk 0:31:26]} g5 {[%clk 0:38:45]} 22. Qd2 {[%clk 0:31:00]} g4 {[%clk 0:38:48]}
23. Nd4 {[%clk 0:31:19]} Bg5 {[%clk 0:38:13]} 24. Qd1 {[%clk 0:29:29]} Nxd4
{[%clk 0:38:41]} 25. cxd4 {[%clk 0:28:55]} Rc6 {[%clk 0:29:51]} 26. f3
{[%clk 0:22:24]} Qh8 {[%clk 0:27:07]} 27. fxg4 {[%clk 0:21:46]} h4
{[%clk 0:27:25]} 28. gxh4 {[%clk 0:15:57]} Qxh4 {[%clk 0:26:14]} 29. Nf3
{[%clk 0:16:09]} Qxg4 {[%clk 0:26:02]} 30. Nxg5 {[%clk 0:16:30]} Qxg5
{[%clk 0:26:26]} 31. Qf3 {[%clk 0:12:23]} Rh8 {[%clk 0:26:27]} 32. Rf1
{[%clk 0:12:43]} Rc7 {[%clk 0:26:55]} 33. Qf6+ {[%clk 0:08:09]} Qxf6
{[%clk 0:27:20]} 34. exf6+ {[%clk 0:08:04]} Kf8 {[%clk 0:27:36]} 35. Kf2
{[%clk 0:08:25]} Rh6 {[%clk 0:24:25]} 36. Ke3 {[%clk 0:08:40]} Ke8
{[%clk 0:24:53]} 37. g4 {[%clk 0:08:47]} Rh3+ {[%clk 0:11:51]} 38. Rf3
{[%clk 0:05:38]} Rh2 {[%clk 0:12:19]} 39. Rf2 {[%clk 0:05:46]} Rh3+
{[%clk 0:12:47]} 40. Kf4 {[%clk 0:05:39]} Kd7 {[%clk 0:06:35]} 41. Re1
{[%clk 0:01:41]} Rc8 {[%clk 0:06:32]} 42. Re5 {[%clk 0:00:40]} c3
{[%clk 0:01:34]} 43. Rh5 {[%clk 0:25:56]} cxb2 {[%clk 0:27:09]} 44. Ba4+
{[%clk 0:26:10]} Kd6 {[%clk 0:25:10]} 45. Rxb2 {[%clk 0:26:13]} Rd3
{[%clk 0:25:36]} 46. Rxb7 {[%clk 0:19:11]} Rxd4+ {[%clk 0:26:03]} 47. Kg3
{[%clk 0:19:32]} Rxa4 {[%clk 0:26:30]} 48. Rxf7 {[%clk 0:19:52]} d4
{[%clk 0:23:49]} 49. Rh2 {[%clk 0:18:41]} e5 {[%clk 0:23:48]} 50. g5
{[%clk 0:18:59]} Rc3+ {[%clk 0:18:51]} 51. Kg4 {[%clk 0:19:22]} d3+
{[%clk 0:17:49]} 52. Kf5 {[%clk 0:19:36]} Rc2 {[%clk 0:17:58]} 53. Rh8
{[%clk 0:19:00]} Rf4+ {[%clk 0:13:53]} 54. Kg6 {[%clk 0:19:20]} Rd4
{[%clk 0:14:21]} 55. Rfh7 {[%clk 0:13:05]} Rf2 {[%clk 0:08:41]} 56. Rh2
{[%clk 0:11:09]} Rxh2 {[%clk 0:07:04]} 57. Rxh2 {[%clk 0:11:36]} d2
{[%clk 0:03:39]} 58. f7 {[%clk 0:11:53]} Ke7 {[%clk 0:03:25]} 59. Kg7
{[%clk 0:10:15]} Rf4 {[%clk 0:03:54]} 60. Rxd2 {[%clk 0:10:35]} Rxf7+
{[%clk 0:04:23]} 61. Kh6 {[%clk 0:09:56]} Rf3 {[%clk 0:04:52]} 62. g6
{[%clk 0:07:26]} Rh3+ {[%clk 0:05:20]} 63. Kg5 {[%clk 0:07:27]} Rg3+
{[%clk 0:05:35]} 64. Kf5 {[%clk 0:07:45]} e4 {[%clk 0:06:04]} 65. Rd4
{[%clk 0:05:25]} e3 {[%clk 0:06:31]} 66. Ra4 {[%clk 0:05:20]} Kf8
{[%clk 0:06:26]} 67. Re4 {[%clk 0:04:16]} Rg2 {[%clk 0:05:18]} 68. Rxe3
{[%clk 0:04:01]} Rxa2 {[%clk 0:05:42]} 69. Rc3 {[%clk 0:04:12]} Rf2+
{[%clk 0:05:59]} 70. Kg5 {[%clk 0:04:25]} Rg2+ {[%clk 0:06:26]} 1/2-1/2

[Event "WCO2014"]
[Site "Tromso"]
[Date "2014.08.09"]
[Round "7.28"]
[WhiteID "200778"]
[White "Docx Stefan"]
[BlackID "5206995"]
[Black "Bersamina Paulo"]
[Result "1-0"]
[LiveChessVersion "1.4.3"]
[BlackElo "2363"]
[WhiteElo "2491"]

1. d4 {[%clk 1:30:56]} Nf6 {[%clk 1:30:55]} 2. Nf3 {[%clk 1:30:47]} e6
{[%clk 1:31:12]} 3. Bf4 {[%clk 1:31:02]} c5 {[%clk 1:31:31]} 4. e3
{[%clk 1:31:20]} b6 {[%clk 1:31:52]} 5. Bd3 {[%clk 1:31:25]} Bb7 {[%clk 1:32:15]}
6. c3 {[%clk 1:31:44]} Be7 {[%clk 1:32:28]} 7. h3 {[%clk 1:31:49]} cxd4
{[%clk 1:32:53]} 8. cxd4 {[%clk 1:32:02]} O-O {[%clk 1:33:02]} 9. O-O
{[%clk 1:32:24]} a6 {[%clk 1:31:55]} 10. Nbd2 {[%clk 1:31:50]} d5
{[%clk 1:27:39]} 11. Ne5 {[%clk 1:25:36]} Nbd7 {[%clk 1:23:11]} 12. Nxd7
{[%clk 1:24:02]} Qxd7 {[%clk 1:22:17]} 13. Nf3 {[%clk 1:23:52]} Rfc8
{[%clk 1:17:22]} 14. Ne5 {[%clk 1:23:59]} Qe8 {[%clk 1:17:06]} 15. Qb3
{[%clk 1:15:26]} b5 {[%clk 1:15:06]} 16. a4 {[%clk 1:15:44]} b4 {[%clk 1:15:08]}
17. a5 {[%clk 1:15:14]} Nd7 {[%clk 1:10:46]} 18. Nf3 {[%clk 1:15:27]} Qd8
{[%clk 1:08:46]} 19. Qd1 {[%clk 1:14:01]} Nf8 {[%clk 0:52:55]} 20. Qe2
{[%clk 1:10:37]} Ng6 {[%clk 0:50:01]} 21. Bh2 {[%clk 1:10:49]} Bd6
{[%clk 0:49:16]} 22. Bxd6 {[%clk 1:06:27]} Qxd6 {[%clk 0:49:41]} 23. Qd2
{[%clk 1:04:50]} Bc6 {[%clk 0:47:39]} 24. Rfc1 {[%clk 1:02:57]} Bb5
{[%clk 0:45:50]} 25. Rxc8+ {[%clk 1:02:36]} Rxc8 {[%clk 0:46:10]} 26. Bxb5
{[%clk 1:03:01]} axb5 {[%clk 0:46:32]} 27. a6 {[%clk 1:01:28]} Ra8
{[%clk 0:46:29]} 28. Qc2 {[%clk 1:00:06]} Nf8 {[%clk 0:36:26]} 29. a7
{[%clk 0:59:00]} Nd7 {[%clk 0:34:56]} 30. b3 {[%clk 0:57:07]} Qb6
{[%clk 0:31:36]} 31. Qa2 {[%clk 0:57:04]} Qc7 {[%clk 0:20:02]} 32. Ne1
{[%clk 0:51:36]} Nb6 {[%clk 0:16:23]} 33. Qa5 {[%clk 0:51:52]} g6
{[%clk 0:13:30]} 34. Nd3 {[%clk 0:50:17]} Qb7 {[%clk 0:09:44]} 35. Nc5
{[%clk 0:46:16]} Qc6 {[%clk 0:07:20]} 36. Qxb4 {[%clk 0:45:01]} Nc8
{[%clk 0:07:27]} 37. Ra6 {[%clk 0:45:20]} Qc7 {[%clk 0:07:49]} 38. Qxb5
{[%clk 0:43:54]} Rxa7 {[%clk 0:08:12]} 39. Rxa7 {[%clk 0:40:59]} Nxa7
{[%clk 0:08:42]} 40. Qe8+ Kg7 41. b4 {[%clk 0:39:18]} Qb6 {[%clk 0:05:44]} 42.
Qd7 {[%clk 0:38:33]} Kf6 {[%clk 0:05:24]} 43. f4 {[%clk 0:36:00]} h5
{[%clk 0:29:05]} 44. Kh2 {[%clk 1:03:33]} h4 {[%clk 0:19:53]} 45. Nd3
{[%clk 0:59:20]} Nb5 {[%clk 0:15:20]} 46. Ne5 {[%clk 0:57:50]} Nd6
{[%clk 0:15:35]} 47. b5 {[%clk 0:57:21]} Kg7 {[%clk 0:10:47]} 48. Qe7
{[%clk 0:57:27]} 1-0

[Event "WCO2014"]
[Site "Tromso"]
[Date "2014.08.09"]
[Round "7.40"]
[WhiteID "4300904"]
[White "Wang Puchen"]
[BlackID "1303422"]
[Black "Gallagher Joseph G."]
[Result "1/2-1/2"]
[LiveChessVersion "1.4.3"]
[BlackElo "2473"]
[WhiteElo "2449"]

1. d4 {[%clk 1:30:57]} Nf6 {[%clk 1:30:53]} 2. c4 {[%clk 1:31:21]} g6
{[%clk 1:31:19]} 3. Nc3 {[%clk 1:31:37]} Bg7 {[%clk 1:31:42]} 4. e4
{[%clk 1:32:03]} d6 {[%clk 1:32:06]} 5. f3 {[%clk 1:32:24]} O-O {[%clk 1:32:30]}
6. Be3 {[%clk 1:32:51]} Nc6 {[%clk 1:29:16]} 7. Nge2 {[%clk 1:33:01]} a6
{[%clk 1:29:41]} 8. Qd2 {[%clk 1:32:42]} Na5 {[%clk 1:28:01]} 9. Nc1
{[%clk 1:30:24]} Nd7 {[%clk 1:26:56]} 10. b4 {[%clk 1:21:04]} Nc6
{[%clk 1:27:18]} 11. Rb1 {[%clk 1:21:11]} e5 {[%clk 1:24:24]} 12. d5
{[%clk 1:18:00]} Nd4 {[%clk 1:24:42]} 13. Nb3 {[%clk 1:13:58]} Nxb3
{[%clk 1:21:53]} 14. axb3 {[%clk 1:14:01]} f5 {[%clk 1:21:47]} 15. Be2
{[%clk 1:11:55]} Qh4+ {[%clk 1:09:05]} 16. Bf2 {[%clk 1:09:32]} Qe7
{[%clk 1:09:22]} 17. Ra1 {[%clk 1:06:36]} Nf6 {[%clk 1:07:53]} 18. O-O
{[%clk 1:03:48]} Nh5 {[%clk 1:03:02]} 19. Bd3 {[%clk 0:47:34]} Nf4
{[%clk 1:00:45]} 20. Ne2 {[%clk 0:45:46]} Qg5 {[%clk 0:54:14]} 21. Nxf4
{[%clk 0:46:06]} exf4 {[%clk 0:54:40]} 22. Rae1 {[%clk 0:41:07]} fxe4
{[%clk 0:52:17]} 23. Rxe4 {[%clk 0:41:26]} Bf5 {[%clk 0:43:15]} 24. Re2
{[%clk 0:39:16]} Bh3 {[%clk 0:40:29]} 25. Bg3 {[%clk 0:33:57]} Bd4+
{[%clk 0:27:57]} 26. Kh1 {[%clk 0:33:53]} Be3 {[%clk 0:27:59]} 27. Qe1
{[%clk 0:33:26]} Bf5 {[%clk 0:22:10]} 28. Bxf5 {[%clk 0:32:49]} Qxf5
{[%clk 0:22:35]} 29. Bf2 {[%clk 0:30:54]} Qd3 {[%clk 0:08:35]} 30. Bxe3
{[%clk 0:26:15]} Rae8 {[%clk 0:08:58]} 31. Qd1 {[%clk 0:25:59]} Rxe3
{[%clk 0:09:18]} 32. Rxe3 {[%clk 0:26:20]} Qxe3 {[%clk 0:09:42]} 33. Re1
{[%clk 0:26:27]} Qc3 {[%clk 0:10:08]} 34. Re7 {[%clk 0:22:41]} Rf7
{[%clk 0:09:49]} 35. Qe1 {[%clk 0:13:37]} Qxe1+ {[%clk 0:07:35]} 36. Rxe1
{[%clk 0:14:04]} Kf8 {[%clk 0:07:49]} 37. Kg1 {[%clk 0:13:51]} Re7
{[%clk 0:07:19]} 38. Kf2 {[%clk 0:13:46]} Rxe1 {[%clk 0:06:14]} 39. Kxe1
{[%clk 0:14:07]} Ke7 {[%clk 0:06:36]} 40. Kd2 {[%clk 0:14:34]} Kf6
{[%clk 0:07:02]} 41. Kc3 {[%clk 0:14:12]} Ke5 {[%clk 0:06:26]} 42. Kd3
{[%clk 0:14:38]} g5 {[%clk 0:04:14]} 43. Kc3 {[%clk 0:10:52]} c6 {[%clk 0:14:33]}
44. dxc6 {[%clk 0:42:05]} bxc6 {[%clk 0:14:54]} 45. Kd3 {[%clk 0:34:27]} c5
{[%clk 0:07:27]} 46. bxc5 {[%clk 0:31:24]} dxc5 {[%clk 0:07:53]} 47. Kc3
{[%clk 0:30:05]} a5 {[%clk 0:07:35]} 48. Kd3 {[%clk 0:29:00]} Kf5
{[%clk 0:07:29]} 49. Ke2 {[%clk 0:28:03]} Ke5 {[%clk 0:06:24]} 50. Kd3
{[%clk 0:28:29]} h6 {[%clk 0:05:45]} 51. Kc3 {[%clk 0:28:47]} Kf5
{[%clk 0:05:01]} 52. Kd3 {[%clk 0:28:39]} Ke5 {[%clk 0:03:49]} 53. Kc3
{[%clk 0:29:05]} Ke6 {[%clk 0:03:47]} 54. Kd2 {[%clk 0:28:43]} Ke5
{[%clk 0:03:52]} 55. Kc3 {[%clk 0:29:04]} Kf5 {[%clk 0:04:07]} 56. Kd3
{[%clk 0:29:29]} 1/2-1/2

[Event "WCO2014"]
[Site "Tromso"]
[Date "2014.08.09"]
[Round "7.39"]
[WhiteID "1300040"]
[White "Hug Werner"]
[BlackID "4300106"]
[Black "Dive Russell John"]
[Result "1-0"]
[LiveChessVersion "1.4.3"]
[BlackElo "2318"]
[WhiteElo "2474"]

1. d4 {[%clk 1:30:47]} Nf6 {[%clk 1:30:55]} 2. Nf3 d5 {[%clk 1:30:40]} 3. c4
{[%clk 1:28:43]} c6 {[%clk 1:30:54]} 4. Nc3 {[%clk 1:27:30]} a6 {[%clk 1:28:54]}
5. a4 {[%clk 1:23:26]} e6 {[%clk 1:22:48]} 6. g3 {[%clk 1:20:08]} Bb4
{[%clk 1:19:40]} 7. Bg2 {[%clk 1:16:32]} Ne4 {[%clk 1:19:10]} 8. Bd2
{[%clk 1:12:47]} Nxd2 {[%clk 1:18:27]} 9. Qxd2 {[%clk 1:12:19]} O-O
{[%clk 1:16:16]} 10. O-O {[%clk 1:11:09]} Nd7 {[%clk 1:15:54]} 11. Qc2
{[%clk 1:05:12]} f5 {[%clk 1:13:16]} 12. e3 {[%clk 0:56:20]} Qe7 {[%clk 0:47:02]}
13. Ne2 {[%clk 0:45:10]} a5 {[%clk 0:46:05]} 14. Nf4 {[%clk 0:45:06]} Bd6
{[%clk 0:45:51]} 15. c5 {[%clk 0:40:38]} Bc7 {[%clk 0:46:14]} 16. Nd3
{[%clk 0:41:01]} Rb8 {[%clk 0:44:56]} 17. b4 {[%clk 0:36:45]} axb4
{[%clk 0:43:41]} 18. Nxb4 {[%clk 0:36:56]} e5 {[%clk 0:43:53]} 19. Nxe5
{[%clk 0:34:49]} Bxe5 {[%clk 0:38:40]} 20. dxe5 {[%clk 0:35:18]} Nxe5
{[%clk 0:38:53]} 21. Qc3 {[%clk 0:34:02]} Bd7 {[%clk 0:26:21]} 22. a5
{[%clk 0:28:42]} Ra8 {[%clk 0:26:37]} 23. Qd4 {[%clk 0:24:58]} Kh8
{[%clk 0:24:40]} 24. Rfb1 {[%clk 0:22:29]} Rfb8 {[%clk 0:23:08]} 25. Ra4
{[%clk 0:17:13]} Ra7 {[%clk 0:17:45]} 26. Rba1 {[%clk 0:17:12]} Rba8
{[%clk 0:18:12]} 27. a6 {[%clk 0:14:33]} bxa6 {[%clk 0:18:34]} 28. Rxa6 Rxa6
{[%clk 0:18:57]} 29. Rxa6 {[%clk 0:15:13]} Rxa6 {[%clk 0:19:15]} 30. Nxa6
{[%clk 0:15:42]} h6 {[%clk 0:18:34]} 31. h3 {[%clk 0:15:11]} Bc8 {[%clk 0:17:09]}
32. Nb4 {[%clk 0:14:47]} Bd7 {[%clk 0:17:31]} 33. Qc3 {[%clk 0:13:23]} Kg8
{[%clk 0:13:10]} 34. Nc2 {[%clk 0:11:47]} Nf7 {[%clk 0:06:10]} 35. Nd4
{[%clk 0:10:32]} Ng5 {[%clk 0:05:05]} 36. f3 {[%clk 0:10:22]} g6 {[%clk 0:04:23]}
37. Kf2 {[%clk 0:08:34]} Ne6 {[%clk 0:04:03]} 38. Nxe6 {[%clk 0:08:57]} Qxe6
{[%clk 0:03:01]} 39. h4 {[%clk 0:07:22]} g5 {[%clk 0:02:49]} 40. hxg5
{[%clk 0:06:51]} hxg5 {[%clk 0:03:17]} 41. Qd4 {[%clk 0:05:52]} Kf7
{[%clk 0:27:48]} 42. Qh8 {[%clk 0:33:25]} Qf6 {[%clk 0:27:21]} 43. Qxf6+
{[%clk 0:33:38]} Kxf6 {[%clk 0:27:47]} 44. f4 {[%clk 0:33:25]} gxf4
{[%clk 0:14:56]} 45. gxf4 {[%clk 0:33:08]} Bc8 {[%clk 0:15:18]} 46. Bf1
{[%clk 0:33:04]} Kg6 {[%clk 0:14:40]} 47. Be2 {[%clk 0:33:23]} Kf6
{[%clk 0:14:46]} 48. Ke1 {[%clk 0:32:57]} Ke7 {[%clk 0:13:55]} 49. Kd2
{[%clk 0:33:21]} Kf6 {[%clk 0:14:19]} 50. Kc3 {[%clk 0:33:13]} Ke7
{[%clk 0:14:42]} 51. Kd4 {[%clk 0:32:56]} Ke6 52. Bd3 {[%clk 0:32:27]} Kf6
{[%clk 0:14:13]} 53. Bc2 {[%clk 0:31:13]} Ke6 {[%clk 0:13:36]} 54. Ba4
{[%clk 0:30:45]} Bd7 {[%clk 0:13:59]} 55. Bd1 {[%clk 0:31:00]} Bc8
{[%clk 0:14:00]} 56. Bh5 {[%clk 0:31:17]} Bd7 {[%clk 0:11:32]} 57. Kd3
{[%clk 0:29:39]} Kf6 {[%clk 0:11:06]} 58. Kc3 {[%clk 0:29:46]} Ke7
{[%clk 0:11:30]} 59. Be2 {[%clk 0:29:46]} Bc8 {[%clk 0:07:53]} 60. Bd3
{[%clk 0:29:15]} Bd7 {[%clk 0:08:21]} 61. Ba6 {[%clk 0:29:23]} Be6
{[%clk 0:07:19]} 62. Kd3 {[%clk 0:29:01]} Bd7 {[%clk 0:07:31]} 63. Kd4
{[%clk 0:27:39]} Ke6 {[%clk 0:07:35]} 64. Be2 {[%clk 0:28:03]} Be8
{[%clk 0:07:32]} 65. Bd1 {[%clk 0:28:07]} Kf6 {[%clk 0:07:37]} 66. Bc2
{[%clk 0:28:20]} Ke6 {[%clk 0:07:52]} 67. Kc3 {[%clk 0:28:41]} Bg6
{[%clk 0:07:08]} 68. Bd3 {[%clk 0:28:23]} Kd7 {[%clk 0:06:20]} 69. Kd4
{[%clk 0:28:39]} Ke6 {[%clk 0:06:43]} 70. Ba6 {[%clk 0:29:04]} Be8
{[%clk 0:01:45]} 71. Bc8+ {[%clk 0:29:24]} Kf6 {[%clk 0:02:08]} 72. Kc3
{[%clk 0:28:59]} Bh5 {[%clk 0:00:36]} 73. Bd7 {[%clk 0:29:19]} d4+
{[%clk 0:00:40]} 74. Kxd4 {[%clk 0:28:26]} Bf3 {[%clk 0:01:08]} 75. Bc8
{[%clk 0:28:39]} Bd5 {[%clk 0:01:06]} 76. Ba6 {[%clk 0:28:50]} Be6
{[%clk 0:00:39]} 77. Bf1 {[%clk 0:28:52]} Bd5 {[%clk 0:00:39]} 78. Bc4
{[%clk 0:29:10]} Bf3 {[%clk 0:00:53]} 79. Bd3 {[%clk 0:29:32]} Bg4
{[%clk 0:00:47]} 80. Bc2 {[%clk 0:29:35]} Bh3 {[%clk 0:01:02]} 81. Kc3
{[%clk 0:29:37]} Ke6 {[%clk 0:00:59]} 82. Bb3+ {[%clk 0:29:27]} Ke7
{[%clk 0:00:59]} 83. Kb4 {[%clk 0:29:34]} Bg2 {[%clk 0:00:34]} 84. Ka5
{[%clk 0:28:59]} Be4 {[%clk 0:00:33]} 85. Kb6 {[%clk 0:29:20]} Kd7
{[%clk 0:00:57]} 86. Ba4 {[%clk 0:28:56]} Bf3 {[%clk 0:00:36]} 87. Bc2
{[%clk 0:29:11]} Ke6 {[%clk 0:00:41]} 88. Kc7 {[%clk 0:27:53]} Kd5
{[%clk 0:00:55]} 89. Bxf5 {[%clk 0:28:21]} Kxc5 {[%clk 0:01:17]} 90. Bd7
{[%clk 0:27:10]} Be4 {[%clk 0:00:34]} 91. f5 {[%clk 0:27:28]} Bxf5
{[%clk 0:00:31]} 92. Bxf5 {[%clk 0:27:56]} Kd5 {[%clk 0:00:55]} 93. e4+
{[%clk 0:28:03]} 1-0